繁華落盡見真淳

資料類型: Book 圖書   書目號:40306

Leader xxxxxxxxxx
001 __ PCLIS00040306
005 __ 20070822120631.0
008 __  chi
010 0_ |a9570367342|b|dNT$50
042 __ |anbi9712ct01
090 __ |a(nbi)b76175571
100 __ |a20041103         m  y0chib09      e
101 0_ |achi
200 1_ |a繁華落盡見真淳|e|f吳重德編撰
205 __ |a
210 __ |a台南市|c能仁|d93
215 0_ |a319面|c|d21公分
225 12 |a把這份情傳下去|v5
225 12 |a紮根教育系列叢書|vD028-4
300 __ |a
606 __ |a隨筆亦入此|2csh
681 __ |a855|b8445
700 __ |a吳重德|b|4編撰
702 __ |a|b|4
801 _0 |atw|bPTL|c20070822|gCCR|m4
801 _0 |atw|bTCC|c20041103|gCCR
詳細館藏(共 1 筆)
索 書 號登 錄 號冊次號館別 / 館藏地流通類型狀態加入預約清單電子資源
855 / 8865 2016917  圖書館 / 一樓普通區 可外借30天 在館   

| 條列資料




目錄查詢 分類查詢 個人資料 圖書薦購 新書查詢 閉館日 排行榜 更多電子資源 Hami書城 線上資料庫 登出

From : 216.73.216.116

  本日流通累計至 05:34:59 借閱 : 0 次 續借 : 0 次 歸還 : 0 次 預約 : 0 次 電子資源 : 0 次


內湖高中圖書館  PCLIS 版本  25.5.0.2